000 00256nam a2200097Ia 4500
001 644989
005 20250826153615.0
008 250824s9999 xx 000 0 und d
245 0 _aBambaşka Bir Ülke Amerika ya Yolculuk
_cGülten Dayıoğlu
260 _bALTIN
999 _c644989
_d644989